000 00507nam a2200181Ia 4500
005 20250508154243.0
008 008 250505s9999 xx 000 0 eng d
037 _aTextual
040 _aFEDL
_beng
_cFEDL
041 _aeng
_2eng
084 _a511.07, SPI
_qFEDL
100 _aSpitzer Herbert F
_9758654
245 0 _aEnrichment of arithmetic
260 _aNew York, USA
_bMcGraw-Hill Book Company
_c1964
300 _a8-96p.
942 _cTEXL
_h511.07, SPI
999 _c1349160
_d1349160